| 000 | 00514nam a22001937a 4500 | ||
|---|---|---|---|
| 003 | NUST - PNEC | ||
| 005 | 20170116180757.0 | ||
| 008 | 150407b xxu||||| |||| 00| 0 eng d | ||
| 020 | _a- | ||
| 040 | _cLIBRARY | ||
| 082 | _a297.090 NAS | ||
| 100 |
_92178 _aNasr, Seyyed Hossein |
||
| 245 |
_aIslam and the plight of modern man _cSeyyed Hossein Nasr |
||
| 250 | _a- | ||
| 260 |
_aPakistan. _bSuhail Academy Lahore: _cc1988. |
||
| 300 |
_a161 p. : _c22 cm. |
||
| 650 |
_92182 _aIslam _xGeneral |
||
| 942 |
_2ddc _cBK |
||
| 999 |
_c62787 _d62787 |
||